| 000 | 005470000a22001810004500 | ||
|---|---|---|---|
| 003 | MACL | ||
| 005 | 20160324154305.0 | ||
| 008 | 160324b xxu||||| |||| 00| 0 eng d | ||
| 040 |
_aMACL _cMACL |
||
| 041 | _aHindi | ||
| 082 | _a294 SON | ||
| 100 |
_aसोनी वेद प्रकाश _948371 |
||
| 245 | _aबुद्ध चरणों से पवित्र | ||
| 260 |
_bरचना प्रकाशन _c2010 _aनई दिल्ली |
||
| 350 | _a250 | ||
| 650 |
_aधर्म _948372 |
||
| 942 |
_cHIN _k294/SON _2ddc |
||
| 999 |
_c44956 _d44956 |
||